Most Visited Websites (2014) Quiz Stats

Quiz Updated Feb 1, 2018

Challenge
Share
Tweet
Embed
Score 0/30 Timer 05:00
2 Plays Today
Rank Site % Correct
13Go
99.4%
1Google
99.2%
2Facebook
98.7%
3YouTube
92.5%
8eBay
89.7%
4Amazon
89.4%
7Twitter
89.1%
5Yahoo!
84.6%
15Netflix
81.4%
23CNN
74.2%
6Wikipedia
73.5%
17ESPN
73.3%
21Instagram
71.3%
19Bing
68.5%
10LinkedIn
66.2%
Rank Site % Correct
24IMDb
43.7%
14Tumblr
42.4%
20Blogspot
34.1%
9Reddit
33.6%
28New York Times
28.7%
16Pinterest
27.1%
12Imgur
24.5%
11Craigslist
23.1%
26Chase Bank
21.6%
25The Huffington Post
20.8%
30Yelp
18.6%
27Apple
16%
22PayPal
7.9%
18Windows Live
1.8%
29Diply
1.4%

You're not logged in!

Compare scores with friends on all Sporcle quizzes.
Sign Up with Email
OR
Log In

You Might Also Like...

Show Comments

Extras

Top Quizzes Today


Score Distribution

Your Account Isn't Verified!

In order to create a playlist on Sporcle, you need to verify the email address you used during registration. Go to your Sporcle Settings to finish the process.

Report this User

Report this user for behavior that violates our Community Guidelines.

Details: